Memoria leida por el presidente de la misma Don Pablo Diaz y Jimenez en la junta general extraordinaria celebrada el dia 14 de marzo de 1880 / (Record no. 157742)

MARC details
000 -LEADER
campo de control de longitud fija 00825nam a22001815i 4500
001 - NÚMERO DE CONTROL
campo de control 157742
003 - IDENTIFICADOR DE NÚMERO DE CONTROL
campo de control ES-MaACL
005 - FECHA Y HORA DE LA ÚLTIMA TRANSACCIÓN
campo de control 20230906210831.0
008 - DATOS DE LONGITUD FIJA--INFORMACIÓN GENERAL
campo de control de longitud fija 040818s1880 sp |||| | spa d
040 ## - FUENTE DE CATALOGACIÓN
Centro catalogador/agencia de origen CAM
Lengua de catalogación spa
Centro/agencia transcriptor CAM
110 2# - ENTRADA PRINCIPAL--NOMBRE DE ENTIDAD CORPORATIVA
Nombre de entidad corporativa o nombre de jurisdicción como elemento de entrada Liga de Contribuyentes de Granada.
9 (RLIN) 134647
245 10 - MENCIÓN DEL TÍTULO
Título Memoria leida por el presidente de la misma Don Pablo Diaz y Jimenez en la junta general extraordinaria celebrada el dia 14 de marzo de 1880 /
Mención de responsabilidad, etc. Liga de Contibuyentes [sic] de Granada.
260 ## - PUBLICACIÓN, DISTRIBUCIÓN, ETC.
Lugar de publicación, distribución, etc. Granada :
Nombre del editor, distribuidor, etc. [s.n.],
Fecha de publicación, distribución, etc. 1880 (
Fabricante Imprenta de La Lealtad)
300 ## - DESCRIPCIÓN FÍSICA
Extensión 43 p. ;
Dimensiones 21 cm.
700 1# - ENTRADA AGREGADA--NOMBRE PERSONAL
Nombre de persona Diaz y Jimenez, Pablo.
9 (RLIN) 126788
710 2# - ENTRADA AGREGADA--NOMBRE DE ENTIDAD CORPORATIVA
Nombre de entidad corporativa o nombre de jurisdicción como elemento de entrada Liga de Contribuyentes de Granada
-- -Memorias.
9 (RLIN) 134647
852 ## - LOCALIZACIÓN
Ubicación ES-MaACL
Número de control de estantería L-4906(13-5)
Nota libre -- Enc. hol.
-- -- Donativo Roda
condición física -- Falto de la cub. original
Nota libre -- Enc. en un vol. facticio
Holdings
Estatus retirado Estado de pérdida Estado de daño No para préstamo Colección Biblioteca de origen Biblioteca actual Ubicación en estantería Fecha de adquisición Fuente de adquisición Total de préstamos Signatura topográfica completa Código de barras Visto por última vez Precio de reemplazo Tipo de ítem Koha
        Libros del s. XIX Biblioteca del Ateneo de Madrid Biblioteca del Ateneo de Madrid Depósito 2 17/01/2008     L-4906(13-5) 1165075 23/02/2023 23/02/2023 Libro impreso antiguo